| 000 | 00972cam a22002652 4500 | ||
|---|---|---|---|
| 001 | 0000024124 | ||
| 005 | 20151021151149.0 | ||
| 008 | 130612s xx 000 0 eng d | ||
| 020 |
_a8131730911 : _cKES 765 |
||
| 040 |
_aKABU _cKABU |
||
| 050 | 0 |
_aHF1416 _b.K44 2002 |
|
| 100 | 1 |
_aKeegan, Warren J. _@0000159948 |
|
| 245 | 1 | 0 |
_aGlobal marketing management / _cWarren J. Keegan, Naval K. Bhargava. |
| 250 | _a7th ed. | ||
| 260 |
_aNew Delhi : _bPrentice-Hall of India, _cc2011. |
||
| 300 | _axxiv, 670 p. | ||
| 650 | 0 |
_aExport marketing _xManagement. _@0000151323 |
|
| 650 | 0 |
_aExport marketing _xManagement _xCase studies. _@0000151334 |
|
| 700 | 1 |
_aBhargava, Naval K. _@0000184092 |
|
| 852 | 1 | _9p2250 KES | |
| 852 | 1 | _9p2250 KES | |
| 852 | 1 | _9p2250 KES | |
| 908 | _a130612 | ||
| 950 | _@1 | ||
| 999 |
_c1368 _d1368 |
||